| 000 | 00373nam a2200145Ia 4500 | ||
|---|---|---|---|
| 008 | 240624s9999 xx 000 0 und d | ||
| 041 | _aeng | ||
| 082 | _a658.4038011 MCN | ||
| 100 | _aMCNURLIN BARBARA C | ||
| 245 | _aINFORMATION SYSTEMS MANAGEMENT IN PRACTI | ||
| 250 | _a(6th ed.) | ||
| 260 |
_c2004 _aNew Delhi _bPearson Education |
||
| 300 | _axxiii, : 582 | ||
| 365 | _cRS | ||
| 999 |
_c563 _d563 |
||